FIFA 23 LaLiga TOTS Nominees - Statistics

General Stats
  • This quiz has been taken 49 times
  • The average score is 25 of 47
Answer Stats
club Answer % Correct
Attackers Nominees Barcelona Robert Lewandowski
95%
Goalkeepers Nominees Barcelona Marc-André ter Stegen
93%
Attackers Nominees Real Madrid Karim Benzema
90%
Goalkeepers Nominees Real Madrid Thibaut Courtois
90%
Attackers Nominees Real Madrid Vinícius Júnior
90%
Midfielders Nominees Barcelona Gavi
88%
Goalkeepers Nominees Atlético Madrid Jan Oblak
88%
Midfielders Nominees Barcelona Pedri
85%
Attackers Nominees Atlético Madrid Antoine Griezmann
80%
Attackers Nominees Celta Vigo Iago Aspas
80%
Midfielders Nominees Real Madrid Luka Modrić
80%
Midfielders Nominees Real Madrid Toni Kroos
75%
Midfielders Nominees Barcelona Frenkie de Jong
70%
Defenders Nominees Villarreal Pau Torres
70%
Defenders Nominees Atlético Madrid José María Giménez
68%
Midfielders Nominees Real Madrid Eduardo Camavinga
63%
Midfielders Nominees Real Madrid Federico Valverde
63%
Defenders Nominees Barcelona Jules Koundé
63%
Attackers Nominees Barcelona Raphinha
63%
Defenders Nominees Barcelona Alejandro Balde
60%
Attackers Nominees Real Betis Borja Iglesias
58%
Attackers Nominees Barcelona Ousmane Dembélé
58%
Defenders Nominees Real Madrid Éder Militão
55%
Attackers Nominees RCD Espanyol Joselu
53%
Goalkeepers Nominees Real Sociedad Álex Remiro
50%
Midfielders Nominees Villarreal Dani Parejo
50%
Midfielders Nominees Girona Aleix García
48%
Midfielders Nominees Rayo Vallecano Álvaro García
48%
Midfielders Nominees Real Sociedad Mikel Merino
48%
Defenders Nominees Osasuna David García
45%
Goalkeepers Nominees Cádiz Jeremias Ledesma
38%
Defenders Nominees Atlético Madrid Nahuel Molina
38%
Defenders Nominees Valencia José Gayà
35%
Midfielders Nominees Rayo Vallecano Isi Palazón
33%
Midfielders Nominees Real Betis Sergio Canales
33%
Attackers Nominees Getafe Enes Ünal
30%
Midfielders Nominees Athletic Club Nico Williams
30%
Attackers Nominees Real Mallorca Vedat Muriqi
30%
Midfielders Nominees Celta Vigo Gabri Veiga
28%
Defenders Nominees Real Sociedad Robin Le Normand
28%
Defenders Nominees Athletic Club Yeray Álvarez
28%
Defenders Nominees Girona Arnau Martínez
23%
Midfielders Nominees Real Sociedad Brais Méndez
23%
Midfielders Nominees RCD Espanyol Sergi Darder
23%
Defenders Nominees Celta Vigo Javi Galán
18%
Midfielders Nominees Real Mallorca Lee Kang In
18%
Defenders Nominees Sevilla Nemanja Gudelj
15%
No matching quizzes found
Score Distribution
Percent of People with Each Score
Percentile by Number Answered
Your Score History
You have not taken this quiz